[Event "RUS-Cup01 Chigorin Memorial"]
[Site "St Petersburg"]
[Date "1997.11.04"]
[Round "4"]
[White "Jakovenko, Dmitrij"]
[Black "Kiriakov, Petr"]
[Result "0-1"]
[WhiteElo "2420"]
[BlackElo "2505"]
[Annotator "Finkel,A"]
[PlyCount "118"]
[EventDate "1997.11.01"]
[EventType "swiss"]
[EventRounds "9"]
[EventCountry "RUS"]
[SourceTitle "CBM 062"]
[Source "ChessBase"]
[SourceDate "1998.01.31"]
[SourceVersion "1"]
[SourceVersionDate "1998.01.31"]
[SourceQuality "1"]

1. e4 e6 2. d4 d5 3. Nc3 Nf6 4. Bg5 dxe4 5. Nxe4 Be7 6. Bxf6 gxf6 7. Nf3 f5 8.
Nc3 Bf6 9. Qd2 c5 10. dxc5 Qxd2+ (10... Qa5 $2 11. Nb5 $1 Qxd2+ 12. Kxd2 Na6
13. Nd6+ Ke7 14. Bxa6 bxa6 15. c3 $16 {Wittmann,W-Petschar,K/AUT-ch 1989 (31)})
(10... Nd7 $5 11. Rd1 (11. Bb5 O-O 12. c6 bxc6 13. Bxc6 Rb8 14. Bxd7 Bxd7 15.
Rb1 Bc6 $44) 11... O-O 12. Bb5 Nxc5 13. Qf4 Qe7 14. O-O a6 15. Bd3 Nxd3 $11 {
Fernandez,J-Armas,J/Santa Catalina 1987 (23)}) 11. Kxd2 $6 {Dubious move after
which black siezes the initiative.} (11. Nxd2 $5 Ke7 12. O-O-O Bd7 13. Nb3 Bxc3
(13... a5 14. Nd4 Bxd4 (14... Rc8 15. Nxf5+ exf5 16. Nd5+ Ke6 17. Bc4 $40) (
14... Bg5+ $5 15. Kb1 Rc8) 15. Rxd4 Nc6 (15... Rc8 16. Rh4 Rxc5 17. Rxh7 b5 18.
Bd3 b4 19. Ne2 $16) (15... Bc6 $5) 16. Rd2 Rac8 17. Be2 Ne5 18. Rhd1 Be8 (18...
Rhd8 $32 19. f4 Ng6 20. g3 $16) 19. f4 $14 {Kusmin,G-Kiriakov,P;Russia,1995;1-0
}) 14. bxc3 a5 (14... Bc6 $5) 15. Bd3 a4 16. Nd4 Ra5 17. Kd2 $1 Rc8 18. Rb1 $14
{Gaponenko,I-Kiriakov,P,1995;1-0}) 11... O-O 12. Rd1 Rd8+ 13. Kc1 Rxd1+ 14.
Nxd1 Nd7 15. Bc4 (15. c6 $5) 15... Nxc5 16. Re1 a6 $15 (16... Bd7 {[%cal Gb7b5]
} 17. Ne5 Be8 18. Nc3 a6 $15 {[%cal Gb7b5]}) 17. b4 Ne4 (17... b5 $5 18. bxc5 (
18. Be2 Ne4 19. Bd3 Bb7 $17) 18... bxc4 19. Ne3 Bb7 (19... c3 20. c6 $1 Rb8 21.
Nc4 $132 {[%csl Rc8][%cal Ge1d1]} Bg7 {[%cal Gg7h6]} 22. Nfe5 Bh6+ 23. Kd1 f6
24. Nd3 $13) 20. Nxc4 Bxf3 21. gxf3 Rc8 22. Rg1+ Kf8 23. Nb6 Rc7 24. Rd1 Ke7
25. Na4 Be5 $15) 18. Bd3 Nc3 (18... a5 $5 19. Bxe4 fxe4 20. Rxe4 axb4 21. Kb1
Be7 22. Nb2 b6 23. Nd3 Bc5 24. Nxc5 bxc5 25. Rc4 Ra5 26. c3 bxc3 27. Rxc3 Bb7
$15 {[%cal Gb7d5,Gf7f6]}) 19. a3 a5 20. b5 Na4 21. Ne5 Be7 22. Nc4 Bd7 23. Ndb2
Bg5+ 24. Ne3 Nc5 25. a4 e5 {The pair of strong bishops and weakness of white's
queenside gives black clear advantage.} 26. Kb1 e4 27. Bc4 Be6 28. Bxe6 fxe6
29. Nec4 Kf7 30. Rd1 Ke7 31. g3 {[%tqu "En","","","","g5f6","How to activate
rook a8? Black sucsessfully solving this problem.",10]} Bf6 $1 $17 {How to
activate rook a8? Black sucsessfully solves this problem.} 32. Kc1 Bc3 33. Nb6
Rd8 34. Rxd8 Kxd8 35. N2c4 (35. Nd1 Be1 $22 $19 {[%cal Gd8g5,Gh7h4]}) 35... Be1
36. Kd1 Bxf2 37. Nxa5 Bg1 38. Ke2 (38. h3 Bf2 39. g4 f4 {[%cal Gf4f3,Ge4e2]}
40. Nac4 e3 41. Ke2 Ne4 42. Ne5 Nc3+ 43. Kf3 Bg3 $19 {[%cal Ge3e1]}) 38... Bxh2
39. Kf2 e5 $1 $19 40. Nac4 (40. Kg2 e3 41. Nac4 e2 42. Kf2 Bxg3+ 43. Kxe2 e4
$19) 40... f4 41. gxf4 exf4 42. Nd5 (42. a5 h5 43. Nd5 Bg3+ 44. Kg2 h4 $19 {
[%cal Gf4f3]}) 42... Nxa4 43. Kg2 Bg3 44. Nd6 Nc5 45. Nc3 e3 46. Nf5 Ne4 $1 {
This strong move finishes the game.} 47. Ne2 Nd2 48. Nxe3 (48. Nexg3 f3+ $1 49.
Kg1 f2+ 50. Kg2 {[%tqu "En","","","","f2f1Q","",2]} f1=Q+ 51. Nxf1 e2 $19)
48... fxe3 49. Kxg3 Kc7 50. Kf4 Nc4 51. Ke4 Kb6 52. Nd4 Kc5 53. c3 b6 54. Kf3
h5 55. Kf4 h4 56. Kg4 Kd5 57. Kxh4 Ke4 58. Kg4 Kd3 59. Kf4 e2 0-1

[Event "Governor's Cup 2nd"]
[Site "Kramatorsk"]
[Date "2001.11.18"]
[Round "3"]
[White "Areshchenko, Alexander"]
[Black "Vorobiov, Evgeny E"]
[Result "0-1"]
[WhiteElo "2479"]
[BlackElo "2516"]
[Annotator "Finkel,A"]
[PlyCount "66"]
[EventDate "2001.11.16"]
[EventType "tourn"]
[EventRounds "14"]
[EventCountry "UKR"]
[EventCategory "10"]
[SourceTitle "CBM 086"]
[Source "ChessBase"]
[SourceDate "2002.02.05"]
[SourceVersion "1"]
[SourceVersionDate "2002.02.05"]
[SourceQuality "1"]

1. e4 {Hecht} e6 2. d4 d5 3. Nc3 Nf6 4. Bg5 dxe4 5. Nxe4 Be7 6. Bxf6 Bxf6 7.
Nf3 Nd7 8. Bd3 Be7 9. Qe2 O-O (9... Nf6 10. Nxf6+ Bxf6 11. O-O-O c6 12. c3 Qa5
13. Kb1 Bd7 14. Ne5 Bxe5 15. dxe5 $14 {Schumacher,H-Russ,C/Seefeld 1996/EXT
2000}) (9... c6 10. O-O-O Qc7 11. Kb1 h6 12. Rc1 b6 13. c4 c5 14. Rhd1 a6 15.
Bc2 cxd4 16. Rxd4 Bb7 $13 {Konigova,P-Novak,J/Klatovy 1997/EXT 98}) (9... c5
10. dxc5 Nxc5 11. Nxc5 Qa5+ 12. c3 Qxc5 13. Bb5+ Kf8 14. Ne5 Bf6 15. f4 a6 16.
Bd3 g6 $11 {Figelman,I-Lein,A/Dearborn 1992/EXT 97}) 10. O-O-O b6 11. h4 Bb7
12. Kb1 Nf6 13. c4 (13. Nxf6+ Bxf6 14. Ng5 h6 15. Nxe6 $2 fxe6 16. Qxe6+ Rf7
$17 {Christensen,W-Orlov,G/Philadelphia 1992/TD}) 13... a6 14. Nxf6+ Bxf6 15.
Be4 {White didn't achieve anything from the opening and it's quiet logical
that he tries to get rid of bishop on b7 which is quiet disturbing. Nothing
would promise} (15. Ng5 h6 (15... g6 $5) 16. f4 (16. Bh7+ $6 Kh8 17. Be4 Bxe4+
18. Qxe4 Bxg5 19. hxg5 Qxg5 $15) 16... b5 $5 (16... Bxd4 $2 17. Be4 $1 {
[%cal Gd1d8]} Bxe4+ (17... c6 18. Nf3 $18) 18. Qxe4 hxg5 19. hxg5 g6 20. Rxd4
Qe7 21. Qe5 f6 22. gxf6 Rxf6 23. Rd7 $1 $18) 17. c5 g6 18. Be4 Bd5 19. Nf3
Bxe4+ 20. Qxe4 Qd5 $11) 15... Bxe4+ 16. Qxe4 b5 17. c5 (17. d5 exd5 18. Rxd5
Qe8 19. Qxe8 Rfxe8 20. cxb5 Re2 21. Rd2 Rxd2 22. Nxd2 axb5 $11) 17... Qd5 18.
Qe3 Qf5+ 19. Ka1 Rfd8 $15 20. h5 (20. Ne5 Bxe5 21. dxe5 Qg4 {[%cal Gg4d1,Gg4g2]
} 22. Qf3 Qxf3 23. gxf3 Rd5 $1 $15) 20... h6 21. Ne5 Bxe5 22. Qxe5 Qxe5 $6 {
Black is unwilling to take rsks, while after} (22... Qxf2 $5 23. Rhf1 Qh4 24.
Qxc7 Qxh5 $15 {his chanse are preferable in the forthcoming struggle.}) 23.
dxe5 Rd5 24. Rxd5 exd5 25. Kb1 Re8 26. Re1 Re6 27. Kc2 f6 28. f4 fxe5 29. Rxe5
$4 {This move is suicide! There is a rule concerning pawns endings saying that
side which has protected passed pawn usually has the advantage. Arising endgme
is perfect example for this rule!} (29. fxe5 g6 30. g4 c6 31. Kd3 $11) 29...
Rxe5 30. fxe5 Kf7 31. Kd3 c6 32. g4 {Hecht: '[#] Sieht wie ein Fehler aus,
weil das dem Schwarzen die entscheidenden Tempi am Damenflügel einräumt, ist
aber bei näherer Prüfung keiner, sondern sogar ein verkappter Gewinnversuch in
verlorener Position.'} (32. b4 g6 (32... Ke6 {Hecht} 33. Kd4 Kf5 34. g4+ $11 (
34. g3 $11 {Hecht})) 33. hxg6+ (33. Ke3 gxh5 34. g3 Ke6 (34... Ke7 {Hecht} 35.
Kf3 Ke6 36. Kf4 d4 37. Ke4 d3 38. Kxd3 Kxe5 39. Ke3 Kf5 40. Kf3 Kg5 41. Ke4 Kg4
42. Ke5 Kxg3 43. Kd6 h4 44. Kxc6 h3 45. Kd7 h2 46. c6 h1=Q 47. c7 Qb7 48. Kd8
h5 49. c8=Q Qxc8+ 50. Kxc8 h4 $19) 35. Kf4 d4 36. Ke4 d3 37. Kxd3 Kxe5 38. Ke3
Kf5 39. Kf3 Kg5 $19) 33... Kxg6 34. g4 h5 35. gxh5+ Kxh5 $19 {[%csl Re5]} 36.
e6 Kg6 37. e7 Kf7 38. Kd4 Kxe7 39. Ke5 {[#]} Kd7 40. Kf5 a5 41. a3 a4 42. Ke5
Ke7 43. Kf5 Kf7 44. Ke5 Kg6 45. Kd6 d4 46. Kxc6 d3 47. Kb7 d2 48. c6 d1=Q 49.
c7 Qf3+ 50. Kb8 Qxa3 51. c8=Q Qxb4 $19) 32... Ke6 {'!' Hecht.} ({Es scheitert
das naheliegende} 32... g6 $4 {Hecht} 33. g5 $3 {[#]} gxh5 34. gxh6 $18 h4 35.
h7 Kg7 36. e6 h3 37. e7 h2 38. h8=Q+ Kxh8 39. e8=Q+) 33. Kd4 a5 (33... a5 34.
a3 (34. b3 b4 $22 $19) 34... a4 $22 $19) 0-1

[Event "Bundesliga 0405"]
[Site "Germany"]
[Date "2005.03.12"]
[Round "12.2"]
[White "Almasi, Zoltan"]
[Black "Stellwagen, Daniel"]
[Result "1/2-1/2"]
[WhiteElo "2650"]
[BlackElo "2524"]
[Annotator "Finkel,A"]
[PlyCount "113"]
[EventDate "2004.11.12"]
[EventType "team-tourn"]
[EventRounds "15"]
[EventCountry "GER"]
[SourceTitle "CBM 106"]
[Source "ChessBase"]
[SourceDate "2005.06.06"]
[SourceVersion "1"]
[SourceVersionDate "2005.06.06"]
[SourceQuality "1"]
[WhiteTeam "Kreuzberg"]
[BlackTeam "Solingen"]
[WhiteTeamCountry "GER"]
[BlackTeamCountry "GER"]

1. e4 e6 2. d4 d5 3. Nc3 Nf6 4. Bg5 dxe4 5. Nxe4 Be7 6. Bxf6 gxf6 7. Nf3 a6 $6
{An attempt to revive Moro's variation fails! Despite of the fact that black
succeeded to survive in this one, it wasn't due to the successfull opening
play!} 8. c4 f5 9. Nc3 Bf6 (9... c5 10. d5 Bf6 11. Qc2 e5 12. O-O-O O-O 13. Nd2
Bg7 14. f3 {[%cal Gf1d3]} Qf6 15. Bd3 $14 {Wang Zili-Dreev,A/Tan Chin Nam Cup
5th 1999 (15)}) 10. Qd2 c5 11. d5 (11. dxc5 Qa5 12. Be2 Qxc5 13. O-O O-O 14.
Qf4 Nc6 15. Rfd1 e5 16. Qh6 Bg7 17. Qh5 Ne7 $13 {Kovalevskaya,E-Maric,A/
Shenyang 2000/CBM 79}) 11... O-O 12. O-O-O Bg7 (12... e5 13. h4 $5 {[%cal
Gf3g5]} b5 14. d6 Nc6 $2 15. d7 $1 Bb7 16. Qd6 $1 $16 {Shirov,A-Topalov,V/
Sarajevo 2000/CBM 77}) 13. h4 exd5 14. Nxd5 (14. cxd5 Qd6 15. Kb1 b5 16. g3 Nd7
17. Bh3 Nf6 18. Qc2 $14) 14... Nc6 15. h5 h6 (15... Be6 $6 16. h6 Bd4 (16...
Bh8 $6 17. Qf4 Re8 18. Qg3+ Kf8 19. Ng5 $18) 17. Nxd4 Nxd4 18. Qf4 Kh8 19. Rxd4
cxd4 20. Qg3 Rg8 21. Qe5+ $18) 16. Rh3 f4 (16... Be6 17. Rg3 Kh8 18. Rxg7 $5
Kxg7 19. Qc3+ f6 20. Nf4 Qc8 21. Nh4 $36 {[%csl Rg7][%cal Gc3g3]}) (16... Re8
17. Rg3 Kh8 18. Bd3 b5 $1 $13) (16... b5 $5 $13) 17. Rh4 b5 {Only this move is
a novelty, but it doesn't change a thing about the evaluation of this line as
barely playable for black.} (17... Nb4 $2 18. Nxb4 Qxd2+ 19. Rxd2 cxb4 20. Rxf4
$16 {Shirov,A-Morozevich,A/Astana 2001}) (17... Nd4 18. Qxf4 Nxf3 19. gxf3 Be5
20. Qxe5 Qxh4 21. Ne7+ Kh7 22. Bd3+ f5 23. Nxc8 $18) 18. Qxf4 Nd4 (18... Qa5
19. Kb1 $16) 19. Nxd4 cxd4 20. Rd3 $1 {The rook is heading for g3.} Qg5 21. Rg3
(21. Qxg5 $5 hxg5 22. Rh1 bxc4 23. Rg3 Kh7 (23... Be6 $2 24. h6 Bxd5 25. Rxg5
Rfd8 26. hxg7 f6 27. Rh8+ Kf7 28. Rf8+ $18) 24. h6 Bxh6 25. Bxc4 Kg6 26. Ne7+
Kg7 27. Rd3 $16) 21... Qxf4+ 22. Rxf4 Kh8 23. Rgf3 Ra7 24. Kd2 $6 ({Far more
challenging for black would've been} 24. cxb5 $1 axb5 25. Bxb5 Ra5 (25... Rxa2
$6 26. Rxf7 Rxf7 27. Rxf7 Be6 28. Re7 $18) 26. a4 Bb7 27. Rf5 Rd8 28. Ne7 Bxf3
29. Rxf3 $16 {with enormous advantage.}) 24... Be6 25. b3 Rb7 $1 {[%cal Gb5c4,
Gf8d8,Gb7b2] Very strong defensive move.} 26. Re4 (26. Nf6 bxc4 27. Bxc4 Bxc4
28. bxc4 Rb2+ 29. Kd3 Rxa2 30. Kxd4 a5 31. c5 Rc2 $14) 26... bxc4 27. Bxc4 Rd8
28. Rxe6 $6 {White keeps a small plus after an exchange sacifice, but it
proves to be insufficient for a win.} (28. Nf6 Bxc4 29. bxc4 Rb2+ 30. Kd3 Rxa2
(30... Bxf6 31. Rxf6 Kg7 32. Ref4 $18) 31. Re8+ Rxe8 32. Nxe8 Kg8 33. Nxg7 Kxg7
34. c5 $16) 28... fxe6 29. Nf4 e5 30. Ng6+ Kh7 31. Bd3 Kg8 32. Bc4+ Kh7 33. Bd3
Kg8 34. Bxa6 (34. Rf5 $5) 34... Ra7 35. Bc4+ Kh7 36. a4 e4 37. Rf4 Re8 38. Bb5
(38. Bd5 $5 e3+ 39. fxe3 Rxe3 40. g4 Rc7 41. Bc4 Rg3 $14) 38... Re6 39. Bc4 Re8
40. Bb5 Re6 41. g4 Rc7 42. Bc4 Re8 43. Rf7 $5 (43. Bf7 $2 e3+ 44. fxe3 dxe3+
45. Ke2 Rc2+ $19) 43... Rxf7 44. Bxf7 Rb8 45. Bd5 Bf6 46. Bxe4 Rxb3 47. Bc2 Ra3
48. Ne5+ Kg7 49. Nc4 Rc3 50. Bd3 Bd8 51. a5 Rxc4 $1 {Securing a draw.} 52. Bxc4
Bxa5+ 53. Kd3 Kf6 54. f4 Bc7 55. Ke4 Bb6 56. Bd3 Bc7 57. Be2 1/2-1/2

[Event "FIDE-Wch k.o."]
[Site "Groningen"]
[Date "1997.12.10"]
[Round "1.2"]
[White "Hernandez Guerrero, Gilberto Eduardo"]
[Black "Kortschnoj, Viktor Lvovich"]
[Result "1/2-1/2"]
[WhiteElo "2525"]
[BlackElo "2610"]
[Annotator "Finkel,A"]
[PlyCount "144"]
[EventDate "1997.12.09"]
[EventType "k.o."]
[EventRounds "7"]
[EventCountry "NED"]
[SourceTitle "CBM 063"]
[Source "ChessBase"]
[SourceDate "1998.03.26"]
[SourceVersion "1"]
[SourceVersionDate "1998.03.26"]
[SourceQuality "1"]

1. e4 e6 2. d4 d5 3. Nc3 Nf6 4. Bg5 dxe4 5. Nxe4 Nbd7 6. Nf3 Be7 7. Nxf6+ Bxf6
8. h4 O-O (8... h6 9. Bxf6 Qxf6 10. Qd2 $14 {Die eingeschobenen Züge h4 und h6
begünstigen Weiß, denn im Falle der kurzen schwarzen Rochade gibt es mit
g2-g4-g5 einen klaren und starken Plan.}) 9. Qe2 (9. Qd2 e5 10. Bxf6 (10. O-O-O
$6 e4 $1 11. Bxf6 Nxf6 12. Ne5 Be6 13. Be2 (13. Kb1 $6 c5 $15 14. Bc4 Qd6 15.
Bxe6 Qxe6 16. Qc3 Rac8 17. Qb3 Nd5 $36 {Anand,V-Kortschnoj,V/Tilburg 1991/1/
2-1/2 (63)}) (13. f3 $6 c5 14. fxe4 cxd4 15. Bd3 (15. Qxd4 Qa5 $1 $17) 15...
Bxa2 16. Nf3 Rc8 17. e5 Nd7 18. Qg5 Nc5 $17 {Grabarczyk,B-Schmidt,W/POL-chT 
(Lubniewice) 1993/0-1 (53)}) 13... c5 14. dxc5 Qc7 15. Qc3 Rac8 16. c6 bxc6 17.
Ba6 Nd5 18. Qd4 Rb8 $36 {Labunsky,D-Pushkov,N/Vladivostok 1994 (49)}) (10. dxe5
Nxe5 11. Qxd8 (11. Nxe5 Qxd2+ 12. Bxd2 Bxe5 $10) 11... Nxf3+ $10) 10... Qxf6
11. O-O-O exd4 (11... e4 12. Ng5 $16 {>< Pe4}) 12. Qxd4 Qxd4 13. Rxd4 {Weiß
hat nur einen winzigen Vorteil, aber die einzigen Partien mit diesem Endspiel
endeten beide 1-0.} Re8 $5 (13... Nf6 14. Bc4 $14 a6 15. Re1 b5 (15... b6 16.
Re7 $16) 16. Bd5 Rb8 (16... Nxd5 17. Rxd5 Be6 18. Rc5 {>< Pc7}) 17. Bc6 Bb7 18.
Bxb7 Rxb7 19. Re7 $16 {Morovic Fernandez,I-Nogueiras,J/Capablanca mem-A 1996/
1-0 (64)}) 14. Bc4 Nb6 15. Re1 Bd7 16. Bb3 Rxe1+ 17. Nxe1 Kf8 18. Nd3 Re8 19.
Kd2 $14 {Brodskij,M-Doroshkievich,V/Rostov op 1993 (100)}) (9. Bd3 c5) 9... c5
$5 10. Qe3 (10. c3 cxd4 11. Nxd4 Bxg5 12. hxg5 Qxg5 $17) 10... Qa5+ 11. c3 cxd4
12. Nxd4 Qe5 {Showing the intentions to make a draw,otherwise such a great
fighter as Kortschnoi would chose} (12... Bxd4 $5 13. Qxd4 f6 14. Be3 Rd8 15.
O-O-O $5 Qxa2 16. Bc4 Qa1+ 17. Kc2 Qa4+ 18. Kb1 Qc6 {with complicated position.
}) 13. O-O-O Qxe3+ 14. Bxe3 a6 $5 {Very important move aiming to prevent g5.}
15. g4 $5 (15. g3 $1 Ne5 (15... Rd8 16. Bg2 h6 17. Nb3 Rb8 18. Rd3 $14) 16. Be2
(16. Bg5 Ng4 $5 17. Rd2 (17. Bxf6 $2 Nxf2 $1 $17) 17... Bxd4 18. cxd4 (18. Rxd4
$2 Nxf2 19. Rh2 e5 $1 $17) 18... Bd7 19. Bh3 Rac8+ 20. Kb1 $14) 16... b5 17.
Bg5 $1 $14) 15... Bd8 16. g5 ({Too optimistic would be} 16. f4 $6 Nf6 17. Be2
e5 18. Nf5 (18. fxe5 Nxg4 19. Bxg4 Bxg4 20. Rde1 Bc7 $15) 18... exf4 19. Bxf4
h5 $1 $15 {with better chanses for black.}) 16... Bc7 17. Be2 $14 (17. Bg2 $5)
17... Re8 18. h5 Nf8 19. Nb3 (19. Rd2 $5 e5 20. Nb3 Ne6 21. h6 $5 Bd8 $1 22.
hxg7 Bxg5 23. Bd3 Bxe3 24. fxe3 $14) 19... e5 20. Nc5 b6 21. Bf3 Rb8 22. Ne4
Bb7 23. h6 Red8 $1 {White pieces are more active and his chanses are slightly
better,but it's extremly difficult to win this endgame against a player of
Kortshnoi's calibre.} 24. Kc2 Rxd1 25. Rxd1 Ne6 26. a4 Bc6 27. b3 Rd8 28. Rh1 (
28. Rxd8+ $6 Bxd8 29. hxg7 Kxg7 30. Kd3 Kg6 $15 {[%cal Gh7h6,Gf7f5]}) 28... a5
29. Rh3 $1 {The only possibility to get rid of unpleasent pin.} Nf4 30. Rg3 Bd7
31. Bg4 Bc6 32. Bf3 Bd7 33. hxg7 {Deciding to keep on fighting.} Bf5 $1 $11 34.
Kb2 Kxg7 35. Rg1 Nd5 36. Bc1 Nf4 37. Be3 Nd5 38. Bd2 Nf4 39. Kc2 h6 $1 {
Not falling into a trap:} (39... Rd3 40. Be3 Bxe4 $6 41. Bxe4 Rxc3+ 42. Kxc3
Ne2+ 43. Kd2 Nxg1 44. Bg2 e4 $8 45. Bxe4 Nh3 46. Kd3 $16 {[%csl Rb6][%cal
Gd3b5]}) 40. gxh6+ Kxh6 41. Be3 Bg6 42. Kb2 Kg7 43. Bxf4 exf4 44. Bh5 $1 {
Despite of the fact that the material on the board is limited white finds
probably the last wining attempt!} Re8 45. Bxg6 fxg6 46. f3 $14 Rd8 {[%cal
Gd8d3]} 47. Kc2 Be5 48. Rg5 Re8 49. Rg2 Kf7 50. Kd3 Rc8 51. Rg5 $5 Bc7 52. Kd4
Rh8 53. Kd5 Rh3 54. Rg4 Ke7 55. Nd2 Rh5+ $1 56. Kd4 (56. Kc6 Rc5+ 57. Kb7 Rxc3
58. Ne4 Rc1 59. Rxg6 Bd8 $11) 56... Kf6 57. Ne4+ Kg7 58. Rg5 Rxg5 59. Nxg5 Kf6
60. Ne4+ Kf5 61. b4 g5 62. b5 g4 63. fxg4+ Kxg4 64. c4 f3 65. c5 bxc5+ 66. Kxc5
Kf5 67. Kd5 Kf4 68. Nf2 Bb6 69. Nd1 f2 70. Nxf2 Bxf2 71. Kc6 Ke5 72. b6 Bxb6
1/2-1/2

[Event "Bar"]
[Site "Bar"]
[Date "1997.11.25"]
[Round "7"]
[White "Sokolov, Andrei"]
[Black "Andersson, Ulf"]
[Result "1-0"]
[WhiteElo "2585"]
[BlackElo "2640"]
[Annotator "Finkel,A"]
[PlyCount "105"]
[EventDate "1997.11.19"]
[EventType "tourn"]
[EventRounds "10"]
[EventCountry "YUG"]
[EventCategory "12"]
[SourceTitle "CBM 063"]
[Source "ChessBase"]
[SourceDate "1998.03.26"]
[SourceVersion "1"]
[SourceVersionDate "1998.03.26"]
[SourceQuality "1"]

1. e4 e6 2. d4 d5 3. Nc3 Nf6 4. Bg5 dxe4 5. Nxe4 Be7 6. Bxf6 gxf6 7. Nf3 b6 8.
Bc4 (8. g3 $5 Bb7 9. Qe2 Qd5 10. Ned2 Nc6 11. c3 O-O-O 12. Bg2 Qh5 13. O-O e5
$132 {Heller,F-Andersson,U/Haninge/1989/ (18)}) (8. c4 $5) 8... Bb7 9. Qe2 c6
10. O-O-O Qc7 11. Rhe1 Nd7 12. Kb1 (12. Nc3 $5 {/\ 13.d5!?}) 12... O-O-O 13.
Ba6 Bxa6 (13... Rhe8 $5 14. Bxb7+ Kxb7 15. c4 $6 Nf8 16. Qc2 f5 17. Nc3 Bf6 18.
Re3 Re7 $11 {[%csl Rd4] 0,5/Kortchnoj,V-Andersson,U/Reykjavik/1988/ (25)}) 14.
Qxa6+ Kb8 15. g3 (15. Qe2 Rhe8 (15... Rhg8 $5) (15... Rdg8 $5 16. g3 f5 17.
Ned2 h5 18. Nc4 h4 19. Nfe5 Nxe5 20. Nxe5 Bf6 $11 {Kraut,R-Knaak,R/BL 1996 (41)
}) 16. c4 $6 (16. a3 $5 Bf8 17. c4 h6 18. Nc3 f5 19. d5 $1 Bg7 20. Nd4 $14 Bxd4
21. Rxd4 Nf6 22. Qd2 cxd5 23. cxd5 e5 24. Rh4 h5 (24... Qc5 25. Rxh6 Nxd5 26.
Nxd5 Rxd5 27. Qc2 $1 $16) 25. Qg5 Nxd5 26. Nxd5 Rxd5 27. Qxf5 $14 {Hellers,
F-Andersson,U/Eksjo m 1993 (46)}) (16. c3 Bf8 17. g3 h6 18. Ned2 Bg7 19. Nc4 f5
20. a4 $5 Nf6 21. Nfe5 Re7 $132 {Christiansen,L-Andersson,U/FIDE WCh KO 1997/1/
2-1/2 (64)}) (16. g3 Nf8 17. c3 f5 18. Ned2 Ng6 19. Nc4 Bf6 {1/2-1/2 De la
Riva,O-Magem Badals,J/ch-ESP, Torrevieja 1997} (19... c5 $6 20. Rd2 cxd4 21.
Nxd4 Rc8 22. Ne3 Qb7 23. Nec2 a6 24. Red1 $14 {Leko,P-Andersson,U/It, Ubeda
ESP 1997 (41)})) (16. Qe3 f5 17. Neg5 Bxg5 18. Nxg5 Re7 19. Qh3 $6 Qf4 20. Nf3
Qg4 $1 $11 {Isaev-Zueger/32nd Chess Olympiad, Yerevan 1996 (30)}) 16... Nf8 17.
g3 Ng6 18. Nc3 Bb4 19. Qc2 Re7 20. a3 Bxc3 21. Qxc3 Red7 $11 {Gallagher,
J-Zueger,B/Biel Credis 1996 (28)}) (15. a3 $5 Rhg8 16. g3 f5 17. Ned2 h5 18.
Qe2 h4 19. Nc4 hxg3 20. hxg3 f4 $5 $13 {Pritchett,C-Berg,K/BL 1986 (39)}) 15...
f5 (15... Rhg8 16. Qe2 f5 17. Ned2 h5 (17... Bf6 18. Nc4 (18. c3 c5 19. Nc4
cxd4 20. Nxd4 Nc5 21. f3 a6 22. Ne3 b5 23. Nec2 Kb7 $13 {Christiansen,
L-Andersson,U/FIDE WCh KO, Groningen NED (1.5) 1997/1/2-1/2 (61)}) 18... Bh8 $5
19. Nfe5 Nf6 20. Rd3 Ka8 21. Red1 $14 {Ovetchkin,R-Volkov,S/Russian Cup Stage
1998/0-1 (67)}) (17... Rg4 $5 18. Nc4 Bf6 19. Ne3 Rgg8 20. Ng2 $5 Nf8 21. Nf4
Ng6 22. Nh5 Bh8 23. Qe3 $14 {Polgar,J-Pytel,K/Royan op 1988/0-1 (64)}) 18. Nc4
h4 19. Rd3 (19. Nfe5 $6 Nxe5 20. Nxe5 Bf6 21. Qf3 Bxe5 22. dxe5 Rd5 23. Rxd5
cxd5 24. Qd3 Rh8 $15 {0-1 Ravinsky,G-Chistiakov,A/Moscow sf 1955 (40)}) 19...
hxg3 20. hxg3 Rh8 21. a3 Bf6 22. Red1 b5 23. Ne3 $14 {Klovans,J-Chistiakov,A/
URS-ch35 Kharkov 1967/0-1 (51)}) 16. Ned2 Bf6 (16... h5 17. Qe2 h4 18. Nc4 $5
hxg3 19. hxg3 Bf6 20. Rd3 b5 21. Ncd2 Nb6 22. Rc1 $1 $14 {Almasi,Z-Andersson,U/
Ubeda 1997 (81)}) 17. Qe2 c5 18. c3 $1 cxd4 (18... h5 19. Nc4 h4 $6 20. d5 $1
exd5 21. Rxd5 hxg3 22. hxg3 f4 23. Nd6 $36) 19. cxd4 $1 {The only way to fight
for the advantage.White takes controle over the square e5,intending to put
there the knight from f3.} Rc8 20. Rc1 Qb7 21. Nc4 Qd5 22. Nfe5 Nxe5 $6 (22...
Rhf8 $5 23. f4 $5 (23. Ne3 Rxc1+ 24. Rxc1 Qe4+ $1 $17) 23... Rc7 24. Nxd7+ $1
Rxd7 25. Ne5 Bxe5 (25... Rd6 26. Qh5 $1 Qxd4 27. Qh6 $1 Bxe5 28. Qxf8+ Rd8 29.
Qa3 $14) 26. dxe5 Qd3+ 27. Qxd3 Rxd3 28. Rcd1 $14) 23. dxe5 $14 Be7 24. Red1
Qb7 (24... Qb5 $5 25. b3 $1 {[%csl Rf7][%cal Ge2h5]} h5 26. Qf3 {[%cal Gc4d6]}
h4 $6 27. Nd6 (27. g4 $5) 27... Rxc1+ 28. Rxc1 Bxd6 29. exd6 Rd8 (29... Qd5 $6
30. Qc3 $1 e5 31. d7 $1 $18) 30. Rc7 $1 Qd5 $8 31. Qxd5 exd5 32. Rxf7 Rxd6 33.
Rxf5 hxg3 34. hxg3 $18) 25. Nd6 Bxd6 26. exd6 Rxc1+ 27. Rxc1 Rc8 (27... Rd8 $5)
28. Rd1 Rd8 (28... Qe4+ $5 29. Qxe4 fxe4 30. Rd4 $1 f5 $5 (30... Rd8 31. Kc1
Kb7 32. Rxe4 (32. Kd2 $6 f5 $15) 32... Rxd6 33. Rh4 (33. Rf4 f5 34. Rh4 Rd7 35.
Rh6 Re7 36. Kd2 Kc6 37. Ke3 Kd5 $11 {[%cal Ge7c7,Gc7c2]}) 33... e5 $8 34. Rxh7
Rf6 35. Kd2 $1 Rxf2+ 36. Ke3 Rxb2 37. Rxf7+ Kc6 38. Rf2 $1 $16) 31. d7 $1 Rd8
32. Rd6 Kc7 33. Rxe6 Rxd7 34. Kc2 $1 Rf7 35. Kd2 $14) 29. f3 $5 {Preventing
the exchange of the queens from e4 and preparing g4.} Qc6 30. Qd3 Rd7 (30... h5
$1) 31. g4 fxg4 32. fxg4 h6 33. a3 $1 {There is no need to hurry.} Kb7 34. Qd4
Qc5 35. Qe4+ Qc6 36. Qd4 $5 {Repeating the moves to win some time.} Qc5 37.
Qe4+ Qc6 38. Qf4 a5 39. h4 Qc5 40. Qe4+ Ka7 41. Qf4 {The time-trouble is over
and the struggle is started again.} h5 $2 {Extremly responsible decision based
on miscalculation:black's counterplay connected with e-pawn proves to be
insufficient.Better was} (41... Kb7 42. h5 Ka6 $1 {with good chances to hold
the position.}) 42. gxh5 Qxh5 43. Qa4 $1 Qf5+ $8 44. Ka1 e5 45. h5 e4 (45...
Qe6 46. h6 $1 Rxd6 47. Rxd6 Qxd6 48. h7 Qd8 49. Qc4 $1 Qe8 50. Qg4 $1 a4 51.
Qh5 $1 $18) 46. h6 e3 47. h7 {[%csl Rd7]} Rd8 48. Qc4 $1 $18 Qd7 49. Re1 Qxd6
50. Qxf7+ Ka6 51. Rxe3 Rf8 52. Qc4+ Ka7 53. Qe2 1-0